Introduction to organic and biological chemistry (Record no. 36405)

MARC details
000 -LEADER
fixed length control field 00336nam a2200133Ia 4500
082 ## - DEWEY DECIMAL CLASSIFICATION NUMBER
Classification number 547
Item number BAU
100 ## - MAIN ENTRY--AUTHOR NAME
Personal name Stuart J
245 #0 - TITLE STATEMENT
Title Introduction to organic and biological chemistry
250 ## - EDITION STATEMENT
Edition statement 3
260 ## - PUBLICATION, DISTRIBUTION, ETC. (IMPRINT)
Place of publication New York
Name of publisher Macmillan
Year of publication 1978
650 ## - SUBJECT ADDED ENTRY--TOPICAL TERM
Topical Term Organic chemistry
942 ## - ADDED ENTRY ELEMENTS (KOHA)
Koha item type Books
Holdings
Withdrawn status Lost status Damaged status Not for loan Home library Current library Date acquired Cost, normal purchase price Full call number Accession Number Koha item type
        RRII Library RRII Library 16/12/2021 23.95 547 BAU 16811 Books